000 00423nam a22001217a 4500
082 _a200 THE
100 _aNasir Mahmood,
_954771
245 _aTH-SOF-1134-Image Restoration of Degraded Images Super Resolution of Color Image from Multiple Low Resolution Images
260 _aIslamabad
_bNUST College of EME
_c2015
650 _aMS-MTS-70 MSTHESIS
_970268
700 _aSupervison Dr. Umar Shahbaz Khan
_970269
942 _cCF
999 _c577266
_d577266